| 000 | 00946cam a22001934a 4500 | ||
|---|---|---|---|
| 005 | 20250605163224.0 | ||
| 008 | 250528s ||||||||||||||||||||||||d | ||
| 035 | _a14799 | ||
| 040 |
_aGR-AtMCL _bgre _dGR-AtMCL _eAACR2 |
||
| 245 | 1 |
_aΚοινωνική Ψυχολογία. _nΤόμος Β' |
|
| 250 | _a5η | ||
| 260 |
_bΕλληνικά Γράμματα, _c1999 |
||
| 300 | _a264 | ||
| 520 | _aΔυναμική της Ομάδας, Η Ομάδα, Η Συμμόρφωση, Η Μάθηση και η Συνεργασία και ο Ανταγωνισμός, Ο Ηγετικός Ρόλος, Το Περιβάλλον, Η Ψυχολογία του Περιβάλλοντος, Διαπολιτιστικές Διαφορές, Βιβλιογραφικές Παραπομπές, Ευρετήριο Ονομάτων, Ευρετήριο Ύλης. | ||
| 700 | 1 | _aΓεωργάς Δημήτριος | |
| 942 | _cBK | ||
| 999 |
_c415 _d415 |
||